| 000 | 00732nam a2200229Ia 4500 | ||
|---|---|---|---|
| 008 | 101110s9999 xx 000 0 und d | ||
| 041 | _aENGLISH | ||
| 082 | _bSR32034 | ||
| 100 | _aRosen Kenneth H. | ||
| 245 | _aDiscrete mathematics and its applications, 6th edition (SYBSc CS) | ||
| 260 |
_c2007 _bTata McGraw Hill publishing,co Ltd;New Delhi |
||
| 300 | _a797 | ||
| 365 | _b425 | ||
| 520 | _aStats/Maths | ||
| 520 | _aTranfered to Computer Section, Dt. 13/7/09 | ||
| 546 | _aENGLISH | ||
| 630 | _aDiscrete mathematics and its applications, 6th edition (SYBSc CS) | ||
| 650 | _aStats/Maths | ||
| 655 | _aStats/Maths | ||
| 730 | _aDiscrete mathematics and its applications, 6th edition (SYBSc CS) | ||
| 942 | _cBOOK | ||
| 999 |
_c824536 _d824533 |
||